Prospects for integrating timber production into agricultural plantations and of timber trees as the next major agricultural crop (Record no. 66024)

MARC details
000 -LEADER
fixed length control field 00396nam a2200121Ia 4500
100 ## - MAIN ENTRY--AUTHOR NAME
Personal name Rahman Radzuan Abdul
245 #0 - TITLE STATEMENT
Title Prospects for integrating timber production into agricultural plantations and of timber trees as the next major agricultural crop
260 ## - PUBLICATION, DISTRIBUTION, ETC. (IMPRINT)
Name of publisher Planter
Year of publication 1989
300 ## - PHYSICAL DESCRIPTION
Number of Pages 311-320
700 ## - ADDED ENTRY--PERSONAL NAME
Personal name Johari Roselina
942 ## - ADDED ENTRY ELEMENTS (KOHA)
Koha item type Journals
Holdings
Withdrawn status Lost status Damaged status Not for loan Home library Current library Shelving location Date acquired Serial Enumeration / chronology Koha item type
      Journals RRII Library RRII Library Rubber general 17/12/2021 Volume 65, Issue Journals